000 00318nam a22001337a 4500
008 170804b xxu||||| |||| 00| 0 eng d
020 _a9781418835392
041 _aeng
080 _a004
100 _a33
101 _aSHKI
245 _aADVANCED GUIDE TO LINUX NETWORKING AND SECURITY
_cSAWICKI, E
942 _2udc
_cBK
999 _c22684
_d22684